[Event "Bled op18th"]
[Site "Bled"]
[Date "1997.??.??"]
[Round "3"]
[White "Basagic, Zlatko"]
[Black "Sprotte, Norbert"]
[Result "1/2-1/2"]
[WhiteElo "2350"]
[BlackElo "2210"]

1.d4 Nf6 2.c4 e6 3.Nf3 Bb4+ 4.Bd2 Qe7 5.g3 Nc6 6.Bg2 Bxd2+ 7.Nbxd2 d6 8.O-O a5
9.Rc1 O-O 10.e3 e5 11.d5 Nb8 12.Ne1 Na6 13.Qc2 Nc5 14.e4 Ng4 15.Nd3 Nxd3
16.Qxd3 b6 17.Rce1 f6 18.h3 Nh6 19.f4 g6 20.f5 g5 21.a4 Bd7 22.b3 Qg7 23.Bf3 g4
24.Bxg4 Nxg4 25.hxg4 Qxg4 26.Kf2 Kf7 27.Rh1 Qg8 28.Rh6 Ke7 29.Reh1 Rf7 30.R1h4 Rg7
31.Qf3 Rf8 32.Qh1 Rxg3 33.Rxh7+ Rf7 34.Rh8 Qg5 35.Nf3 Rxf3+ 36.Qxf3 Qd2+
37.Qe2 Qd4+ 38.Qe3 Qb2+ 39.Kf3 Be8 40.Rh2 Qa1 41.Rh1 Qb2 42.R8h2 Qa3 43.Rg1 Bd7
44.Rh8 Qb2 45.Rgh1 Be8 46.R8h2 Qa3 47.Rg2 Bd7 48.Rhg1 Be8 49.Rg7 Qb2 50.Rxf7+ Bxf7
51.Rh1 Qc2 52.Kg3 Qb2 53.Rg1 Qc2 54.Rg2 Qd1 55.Kh2 Qb1 56.Qf3 Qc1 57.Rg3 Qd2+
58.Kg1 Qc1+ 59.Kf2 Qd2+ 60.Qe2 Qc1 61.Re3 Qh1 62.Qg4 Qh2+ 63.Qg2 Qf4+ 64.Ke2 Kf8
65.Kd3 Ke7 66.Re1 Qh4 67.Rh1 Qf4 68.Kc2 Qe3 69.Kb2 Qd4+ 70.Ka2 Qd3 71.Rh7 Qe3
72.Rh3 Qe1 73.Kb2 Kf8 74.Rh7 Ke7 75.Rxf7+ Kxf7 76.Qg6+ Ke7 77.Qg7+ Ke8 78.Qg8+ Kd7
79.Qe6+ Kd8 80.Qxf6+ Ke8 81.Qh8+ Kd7 82.Qh2 Qxe4 83.Qf2 Qg4 84.f6 e4 85.f7 e3
86.Qxe3 Qg7+ 87.Qc3 Qxf7 88.b4 Qf2+ 89.Kb3 axb4 90.Kxb4 Qc5+ 91.Kb3 Qg1 92.a5 Qb1+
93.Ka3 bxa5 94.Qxa5 Qc1+ 95.Kb4 Qb2+ 96.Ka4 Qa2+ 97.Kb5 Qxa5+ 98.Kxa5  1/2-1/2

[Event "Bled op18th"]
[Site "Bled"]
[Date "1997.??.??"]
[Round "5"]
[White "Soln, Primoz"]
[Black "Sprotte, Norbert"]
[Result "1-0"]
[WhiteElo "2320"]
[BlackElo "2210"]

1.d4 Nf6 2.c4 e6 3.Nf3 Bb4+ 4.Bd2 Qe7 5.g3 O-O 6.Bg2 Bxd2+ 7.Qxd2 d6 8.Nc3 e5
9.O-O a5 10.h3 Nbd7 11.Rfe1 Re8 12.e4 Nb6 13.b3 a4 14.Rad1 axb3 15.axb3 Bd7
16.Re3 exd4 17.Nxd4 Qe5 18.f4 Qc5 19.g4 h6 20.Nc2 Nc8 21.b4 Qxc4 22.e5 Nh7
23.Bd5 Qa6 24.Ra1 Qxa1+ 25.Nxa1 Rxa1+ 26.Kh2 c6 27.Ba2 d5 28.Nb1 Nb6 29.Qb2 d4
30.Rd3  1-0

[Event "Budapest FS05 IM"]
[Site "Budapest"]
[Date "1997.??.??"]
[Round "3"]
[White "Koch, Wolfgang Max"]
[Black "Eperjesi, Laszlo"]
[Result "0-1"]
[WhiteElo "2355"]
[BlackElo "2340"]

1.d4 Nf6 2.Nf3 e6 3.c4 Bb4+ 4.Bd2 c5 5.Bxb4 cxb4 6.g3 O-O 7.Bg2 d6 8.Nbd2 Nc6
9.Nf1 a5 10.Ne3 d5 11.Rc1 a4 12.Ne5 Qd6 13.cxd5 exd5 14.Nxc6 bxc6 15.Qc2 Bd7
16.Qc5 Qb8 17.O-O Re8 18.a3 Ra7 19.Qc2 Qb6 20.Rfd1 g6 21.Bf3 Ra5 22.axb4 Qxb4
23.Ra1 Rb8 24.Rd2 Kg7 25.Kg2 h5 26.h4 Ne8 27.Kh2 Nd6 28.Qc1 Rab5 29.Qd1 Ra8
30.Rd3 Rba5 31.b3 Ne4 32.Bxe4 dxe4 33.Rd2 axb3 34.Rxa5 Rxa5 35.Rb2 Rb5 36.Qb1 Qxd4
37.Rxb3 Rxb3 38.Qxb3 Be6 39.Qc2 c5 40.Kg2 c4 41.Nd1 Bd7 42.Qc3 Qxc3 43.Nxc3 Bc6
44.Kf1 Kf6 45.e3 Kf5 46.Ne2 Kg4 47.Kg2 f6 48.Kg1 g5 49.hxg5 fxg5 50.Kg2 h4
51.gxh4 gxh4 52.Kf1 Ba4 53.Kg2 Bc2 54.Kg1 Bd3  0-1

[Event "Budapest"]
[Site "Budapest"]
[Date "1997.??.??"]
[Round "5"]
[White "Appleberry, Martin"]
[Black "Eperjesi, Laszlo"]
[Result "1/2-1/2"]
[WhiteElo "2240"]
[BlackElo "2340"]

1.d4 Nf6 2.c4 e6 3.Nf3 Bb4+ 4.Bd2 c5 5.Bxb4 cxb4 6.g3 O-O 7.Bg2 d6 8.O-O Nc6
9.Nbd2 a5 10.h3 e5 11.d5 Nb8 12.a4 Na6 13.e4 Nc5 14.Qc2 Bd7 15.b3 Nh5 16.Qd1 g6
17.Kh2 Ng7 18.Qe2 f5 19.exf5 Nxf5 20.Rab1 Ng7 21.Ne1 Bf5 22.Ne4 Bxe4 23.Bxe4 Qb6
24.Nd3 Nxd3 25.Bxd3 Rf6 26.Qe3 Qxe3 27.fxe3 Raf8 28.Kg2 Ne8 29.g4 g5 30.Rxf6 Nxf6
31.Rf1 Kg7 32.Rf5 h6 33.Bc2 Rc8 34.Rf2 Rc7 35.Bf5 b6 36.Bc2 Nd7 37.Kg3 Nc5
38.h4  1/2-1/2

[Event "Honved"]
[Site "Budapest"]
[Date "1997.??.??"]
[Round "5"]
[White "Vegh, Endre"]
[Black "Baumegger, Siegfried"]
[Result "0-1"]
[WhiteElo "2330"]
[BlackElo "2360"]

1.d4 Nf6 2.c4 e6 3.Nf3 Bb4+ 4.Bd2 Qe7 5.g3 Nc6 6.Nc3 O-O 7.Bg2 d6 8.O-O a5
9.a3 Bxc3 10.Bxc3 Ne4 11.Rc1 Nxc3 12.Rxc3 e5 13.d5 Nb8 14.e4 Bg4 15.Qd2 Bxf3
16.Bxf3 a4 17.Bg2 Nd7 18.f4 exf4 19.gxf4 Rae8 20.Rg3 f5 21.exf5 Nc5 22.Qc2 Qf6
23.Bh3 Qd4+ 24.Kh1 Rf7 25.Qg2 Ne4 26.Rgf3 Qxc4 27.Rd1 Nc5 28.Bg4 Re2 29.Rf2 Rxf2
30.Qxf2 Qe4+ 31.Kg1 Nd3 32.Qg3 Nxf4 33.Re1 Qd4+ 34.Kh1 Qxd5+ 35.Kg1 Qd4+
36.Kh1 Nd3 37.Re8+ Rf8 38.Re2 Ne5 39.Bh3 Qd5+ 40.Bg2 Qd1+ 41.Re1 Qd4 42.Bxb7 Rxf5
43.Be4 Rf7 44.Qh3 g6 45.Qe6 Kg7 46.Bd5 Qf2 47.Rg1 Qd2 48.b3 c6 49.Be4 Qd4
50.Bc2 Nf3  0-1

[Event "Budapest"]
[Site "Budapest"]
[Date "1997.??.??"]
[Round "7"]
[White "Belotelov, Dimitri"]
[Black "Eperjesi, Laszlo"]
[Result "1-0"]
[WhiteElo "2225"]
[BlackElo "2340"]

1.d4 Nf6 2.c4 e6 3.Nf3 Bb4+ 4.Bd2 a5 5.Nc3 b6 6.e3 Bb7 7.Bd3 O-O 8.Qe2 d5
9.cxd5 exd5 10.O-O Nbd7 11.Ne5 h6 12.f4 c5 13.Be1 cxd4 14.exd4 Bxc3 15.bxc3 Ne4
16.Rb1 Ndf6 17.Qb2 Ba6 18.Qxb6 Qxb6 19.Rxb6 Bxd3 20.Nxd3 Rfb8 21.Rc6 Rc8
22.Ne5 Rxc6 23.Nxc6 Ra6 24.Ne5 Ne8 25.c4 f6 26.cxd5 fxe5 27.fxe5 Ra8 28.Rf4 Ng5
29.h4 Nf7 30.d6 g5 31.hxg5 hxg5 32.Rf3 Ng7 33.Bc3 Ne6 34.g3 g4 35.Re3 Neg5
36.d7 Nh3+ 37.Kf1 Rf8 38.Ke1 Nfg5 39.e6 Nf3+ 40.Rxf3 gxf3 41.e7  1-0

[Event "Budapest FS03 IM-B"]
[Site "Budapest"]
[Date "1997.??.??"]
[Round "9"]
[White "Wiechert, Hans"]
[Black "Eperjesi, Laszlo"]
[Result "0-1"]
[WhiteElo "2210"]
[BlackElo "2340"]

1.d4 Nf6 2.c4 e6 3.Nf3 Bb4+ 4.Bd2 a5 5.g3 b6 6.Bg2 Ba6 7.b3 c6 8.O-O O-O
9.Qc2 d5 10.Rd1 Bd6 11.Bf4 Bxf4 12.gxf4 Nbd7 13.Nbd2 Rc8 14.Rac1 Qe7 15.Qb2 Rfd8
16.e3 c5 17.cxd5 Nxd5 18.Nc4 Nf8 19.Nce5 f6 20.Nc4 Kh8 21.dxc5 Rxc5 22.Nd4 Qc7
23.a4 Nb4 24.Nb5 Bxb5 25.Rxd8 Qxd8 26.axb5 Rxb5 27.Qe2 Rc5 28.Rd1 Qc7 29.Qg4 Nd5
30.Qh5 g6 31.Qh6 Kg8 32.f5 Nc3 33.Rd3 Rxf5 34.Rxc3 b5 35.Qh4 bxc4 36.Rxc4 Qe5
37.Rd4 Rh5 38.Qg3 Qxg3 39.hxg3 Rb5 40.Rd3 Kf7 41.Kf1 Ke7 42.Ke2 Rc5 43.Kd2 Nd7
44.Rc3 Rxc3 45.Kxc3 Nb6 46.Bb7 Kd6 47.Kd4 e5+ 48.Kc3 Kc5 49.f4 Nd5+ 50.Kd3 Nb4+
51.Ke4 Kd6 52.fxe5+ fxe5 53.Ba8 h5 54.Bb7 Na2 55.Kd3 Nc1+ 56.Kc4 Ne2 57.Kb5 Nxg3
58.Kxa5 h4 59.Ka6 h3 60.b4 e4  0-1

[Event "Goodricke op"]
[Site "Calcutta"]
[Date "1997.??.??"]
[Round "10"]
[White "Gokhale, Jayant Suresh"]
[Black "Roktim, Bandyopadhyay"]
[Result "1-0"]
[WhiteElo "2320"]
[BlackElo "2195"]

1.d4 Nf6 2.Nf3 e6 3.c4 Bb4+ 4.Bd2 Qe7 5.g3 b6 6.Bg2 Bb7 7.O-O O-O 8.Bf4 Bd6
9.Bxd6 Qxd6 10.Nc3 Qb4 11.Nb5 Na6 12.a3 Qe7 13.Rc1 d6 14.b4 c6 15.Nc3 c5
16.Qb3 Nc7 17.Rfd1 Rab8 18.Qb1 d5 19.cxd5 cxb4 20.d6 Qxd6 21.axb4 Ncd5 22.Nxd5 Bxd5
23.b5 Rfc8 24.Ne5 Bxg2 25.Kxg2 Nd5 26.Nc6 Ra8 27.e4 Ne7 28.d5 exd5 29.exd5 a6
30.Qe4 Re8 31.Re1 Kf8 32.Nxe7 Rxe7 33.Qxh7 Qxd5+ 34.Kg1 Rxe1+ 35.Rxe1 f6
36.bxa6 Kf7 37.Rc1 Rxa6 38.Rc7+ Ke6 39.Qg8+ Ke5 40.Qe8+ Kf5 41.Qc8+  1-0

[Event "Calimanesti op"]
[Site "Calimanesti"]
[Date "1997.??.??"]
[Round "?"]
[White "Caravan, Mariana"]
[Black "Olarasu, Gabriela"]
[Result "0-1"]
[WhiteElo "2195"]
[BlackElo "2305"]

1.d4 Nf6 2.Nf3 e6 3.c4 Bb4+ 4.Bd2 c5 5.Bxb4 cxb4 6.g3 O-O 7.Bg2 d6 8.Nbd2 Qe7
9.O-O e5 10.Qb3 a5 11.e3 e4 12.Ng5 Bf5 13.Nh3 Nbd7 14.Rfe1 h6 15.f3 exf3
16.Nxf3 Ne4 17.Nf4 Ndf6 18.a3 bxa3 19.bxa3 g5 20.Nd3 Bh7 21.Rad1 Rac8 22.Nd2 b5
23.Nxe4 Nxe4 24.Bxe4 Qxe4 25.Nf2 bxc4 26.Nxe4 cxb3 27.Nxd6 Rc6 28.Nb5 Bc2
29.d5 Rc5 30.Nd4 Bxd1 31.Rxd1 b2 32.Ne2 Rxd5  0-1

[Event "Cannes op 18th"]
[Site "Cannes"]
[Date "1997.??.??"]
[Round "9"]
[White "Bernard, Christophe"]
[Black "Renaze, Luc"]
[Result "1-0"]
[WhiteElo "2365"]
[BlackElo "2320"]

1.Nf3 Nf6 2.d4 e6 3.c4 Bb4+ 4.Bd2 Qe7 5.g3 Nc6 6.Bg2 Bxd2+ 7.Nbxd2 d6 8.O-O O-O
9.e4 e5 10.d5 Nb8 11.Ne1 a5 12.Nd3 Na6 13.a3 Bg4 14.f3 Bd7 15.b4 c6 16.Qe2 Rfc8
17.dxc6 bxc6 18.f4 Bg4 19.Qe3 Be6 20.h3 Qc7 21.Rab1 Rab8 22.Rfc1 exf4 23.gxf4 Qb6
24.Qxb6 Rxb6 25.f5 Bd7 26.bxa5 Rbb8 27.Rb6 Nc7 28.c5 d5 29.Ne5 dxe4 30.Nxe4 Ncd5
31.Nxf6+ Nxf6 32.a6  1-0

[Event "Cannes op 18th"]
[Site "Cannes"]
[Date "1997.??.??"]
[Round "9"]
[White "Wagner, Claude"]
[Black "Neiman, Emmanuel"]
[Result "1/2-1/2"]
[WhiteElo "2390"]
[BlackElo "2350"]

1.d4 Nf6 2.c4 e6 3.Nf3 Bb4+ 4.Bd2 Qe7 5.g3 Nc6 6.Nc3 d5 7.a3 Bxc3 8.Bxc3 O-O
9.Bg2 Ne4 10.Qc2 a5 11.O-O  1/2-1/2

[Event "Cappelle op"]
[Site "Cappelle la Grande"]
[Date "1997.??.??"]
[Round "2"]
[White "Novikov, Igor A"]
[Black "Komljenovic, Davor"]
[Result "1/2-1/2"]
[WhiteElo "2580"]
[BlackElo "2460"]

1.d4 Nf6 2.c4 e6 3.Nf3 Bb4+ 4.Bd2 c5 5.Bxb4 cxb4 6.g3 b6 7.Bg2 Bb7 8.O-O O-O
9.Qd3 a5 10.Nbd2 d6 11.Ne1 Bxg2 12.Nxg2 e5 13.a3 Na6 14.Ne3 Re8 15.Ne4 exd4
16.Nxf6+ Qxf6 17.Nd5 Qe5 18.axb4 Nxb4 19.Nxb4 axb4 20.Rxa8 Rxa8 21.Rd1 h6
22.Rd2 Ra2 23.Kg2 f5 24.Qxd4 Qxd4 25.Rxd4 Rxb2 26.Rxd6 Rxe2 27.Rxb6 Rb2 28.h4 Kf7
29.Kf3 b3 30.c5 Rc2 31.Rxb3 Rxc5 32.Kf4 Rc6  1/2-1/2

[Event "Ceske Budejovice op"]
[Site "Ceske Budejovice"]
[Date "1997.??.??"]
[Round "2"]
[White "Vacek, Radomir"]
[Black "Zolnierowicz, Krzysztof"]
[Result "1-0"]
[WhiteElo "2245"]
[BlackElo "2385"]

1.d4 Nf6 2.c4 e6 3.Nf3 Bb4+ 4.Bd2 c5 5.g3 Qb6 6.Qb3 Nc6 7.Bxb4 Qxb4+ 8.Qxb4 Nxb4
9.Na3 b6 10.Bg2 Bb7 11.dxc5 bxc5 12.O-O a6 13.Rfc1 Rb8 14.Nb1 Ke7 15.Nc3 d6
16.Nd2 g5 17.h3 h6 18.b3 Nd7 19.Rd1 f5 20.Rab1 h5 21.Rb2 h4 22.Nf1 hxg3 23.fxg3 Ne5
24.Rbd2 Bxg2 25.Kxg2 Rbd8 26.e3 Rh7 27.Na4 Nf7 28.e4 fxe4 29.Nc3 e3 30.Nxe3 Rdh8
31.Ne4 Rxh3 32.Ng4 d5 33.Nxc5 Nd6 34.Re1 Nf5 35.Rxe6+ Kd8 36.Ne4 d4 37.Rf6 Ne3+
38.Kf3 Nxg4 39.Kxg4 Ke7 40.Rb6  1-0

[Event "Ceske Budejovice op"]
[Site "Ceske Budejovice"]
[Date "1997.??.??"]
[Round "8"]
[White "Zimmerman, Yuri"]
[Black "Hosticka, Frantisek"]
[Result "1-0"]
[WhiteElo "2380"]
[BlackElo "2270"]

1.d4 Nf6 2.c4 e6 3.Nf3 Bb4+ 4.Bd2 Qe7 5.g3 O-O 6.Bg2 Bxd2+ 7.Qxd2 d6 8.Nc3 e5
9.O-O Re8 10.e4 Bg4 11.Nh4 Nc6 12.d5 Nd4 13.Nb5 Nxb5 14.cxb5 Bd7 15.a4 Rec8
16.Rfc1 h6 17.Qd3 g5 18.Nf3 Ne8 19.Rc3 Qf8 20.Nd2 Qg7 21.Nc4 Qg6 22.Ne3 Ng7
23.Rac1 Ne8 24.a5 Qf6 25.Bf1 Kf8 26.Be2 Qg6 27.Bg4 Bxg4 28.Nxg4 Rd8 29.Ne3 Rd7
30.Nf5 f6 31.b6 axb6 32.axb6 cxb6 33.Qb5 Rad8 34.Rc8 Rxc8 35.Rxc8 Rc7 36.Rxc7 Nxc7
37.Qxb6 Ne8 38.Qxb7 h5 39.b4 Qf7 40.Qxf7+ Kxf7 41.b5 Nc7 42.b6 Na6 43.h4 Ke8
44.Ng7+ Kd7 45.Nxh5 gxh4 46.gxh4 Ke7 47.b7  1-0

[Event "USA-ch (Women)"]
[Site "Chandler"]
[Date "1997.??.??"]
[Round "9"]
[White "Belakovskaia, Anjelina"]
[Black "Akhsharumova, Anna M"]
[Result "1-0"]
[WhiteElo "2365"]
[BlackElo "2305"]

1.d4 Nf6 2.c4 e6 3.Nf3 Bb4+ 4.Bd2 Qe7 5.g3 Nc6 6.Bg2 Bxd2+ 7.Nbxd2 d6 8.O-O a5
9.e4 e5 10.d5 Nb8 11.Ne1 O-O 12.f4 exf4 13.gxf4 Na6 14.Nd3 Re8 15.Qf3 Nd7
16.Kh1 Ndc5 17.Rae1 Nxd3 18.Qxd3 Nc5 19.Qd4 f6 20.b3 Bd7 21.Re3 Rad8 22.Rg3 Rf8
23.Rg1 Kh8 24.Bf3 Rg8 25.a3 b6 26.b4 axb4 27.axb4 Na6 28.Qc3 Rb8 29.Nb3 Rbe8
30.Ra1 Bc8 31.Nd2 Qd8 32.Bh5 g6 33.Bd1 Rgf8 34.Ba4 Re7 35.Bb5 Nb8 36.Ra8 Bb7
37.Ra7 c6 38.dxc6 Bxc6 39.Rxe7 Qxe7 40.Bxc6 Nxc6 41.Rd3 Rb8 42.b5 Nd8 43.Qd4 Nf7
44.Nb1 g5 45.fxg5 Nxg5 46.Nc3 Rc8 47.h4 Ne6 48.Qxd6 Qxd6 49.Rxd6 Rxc4 50.Rxe6 Rxc3
51.Rxb6 Rh3+ 52.Kg2 Rxh4 53.Re6 Kg7 54.b6 Kf7 55.Re8 Kxe8 56.b7 Rxe4 57.b8=Q+ Kf7
58.Kf3 Re5 59.Qb3+ Kg7 60.Qb7+ Kg6 61.Qb1+ Kg7 62.Kf4 h5 63.Qb7+ Kg8 64.Qd7 Kf8
65.Qh7 Rg5 66.Kf3 Ke8 67.Qe4+ Kf7 68.Qc4+ Ke7 69.Qc7+ Ke6 70.Qh7 Re5 71.Qg8+ Ke7
72.Qg7+ Ke6 73.Qf8 Rf5+ 74.Ke4 Re5+ 75.Kd4 Rd5+ 76.Kc4 Rg5 77.Qe8+ Kf5 78.Qf7 h4
79.Qd7+ Kg6 80.Kd4 Re5 81.Qg4+ Kf7 82.Qxh4 Rg5 83.Qh7+ Kf8 84.Ke4 Re5+ 85.Kf4 Rg5
86.Qh3 Kf7 87.Qd7+ Kf8 88.Qe6 Kg7 89.Qe7+ Kg6 90.Qf8 Rf5+ 91.Ke4 Re5+ 92.Kd4 Kf5
93.Qg8 Ra5 94.Ke3 Ra3+ 95.Kf2 Ra5 96.Ke2 Rc5 97.Ke3 Ra5 98.Qd8 Re5+ 99.Kf3 Kg6
100.Qg8+ Kh6 101.Qf7 Rf5+ 102.Kg4 Rg5+ 103.Kh4 Rf5 104.Qf8+ Kg6 105.Qg8+ Kh6
106.Qf7 Rf4+ 107.Kg3 Rf5 108.Qe8 Rg5+ 109.Kf4 Kg7 110.Qe7+ Kg6 111.Qf8 Rf5+
112.Ke4 Re5+ 113.Kd4 Rg5 114.Qg8+ Kh6 115.Qf7 Rf5 116.Kd3 Rf3+ 117.Ke4 Rf1
118.Qf8+ Kh7 119.Kd5 Rd1+ 120.Ke6 Re1+ 121.Kf7 Rg1 122.Qa3 Rg6 123.Qd3 f5
124.Qxf5 Kh8 125.Qh5+  1-0

[Event "Cherkessk"]
[Site "Cherkessk"]
[Date "1997.??.??"]
[Round "5"]
[White "Lobzhanidze, Davit"]
[Black "Supatashvili, Khvicha"]
[Result "1-0"]
[WhiteElo "2375"]
[BlackElo "2465"]

1.d4 Nf6 2.c4 e6 3.Nf3 Bb4+ 4.Bd2 Qe7 5.g3 Nc6 6.Bg2 Bxd2+ 7.Nbxd2 d6 8.O-O a5
9.e4 e5 10.d5 Nb8 11.Ne1 O-O 12.Nd3 Na6 13.f4 Nd7 14.f5 Nac5 15.Qe2 Nxd3
16.Qxd3 Nc5 17.Qe3 f6 18.Rf2 Bd7 19.Bf1 c6 20.g4 g6 21.h4 Kh8 22.Kh1 Rg8
23.Bh3 cxd5 24.exd5 gxf5 25.gxf5 Rg7 26.Rg1 Rxg1+ 27.Kxg1 Rg8+ 28.Rg2 Rxg2+
29.Kxg2 b5 30.b3 Kg7 31.h5 Kf8 32.h6 Qf7 33.Bg4 bxc4 34.bxc4 Qe8 35.Qg3 a4
36.Bd1 Ke7 37.Qg7+ Qf7 38.Bh5  1-0

[Event "Ciego de Avila"]
[Site "Ciego de Avila"]
[Date "1997.??.??"]
[Round "5"]
[White "Paneque, Pedro"]
[Black "Lebredo, Gerardo"]
[Result "1/2-1/2"]
[WhiteElo "2345"]
[BlackElo "2320"]

1.d4 Nf6 2.c4 e6 3.Nf3 Bb4+ 4.Bd2 Bxd2+ 5.Qxd2 O-O 6.g3 b6 7.Bg2 Bb7 8.O-O d6
9.Qc2 Nbd7 10.Nc3 c5  1/2-1/2

[Event "Ciego de Avila"]
[Site "Ciego de Avila"]
[Date "1997.??.??"]
[Round "7"]
[White "Rivera, Alberto"]
[Black "Lebredo, Gerardo"]
[Result "1/2-1/2"]
[WhiteElo "2420"]
[BlackElo "2320"]

1.d4 e6 2.c4 Nf6 3.Nf3 Bb4+ 4.Bd2 a5 5.g3 b6 6.Bg2 Bb7 7.O-O O-O 8.Bf4 Be7
9.Qc2 Na6 10.Nc3 d5 11.Ne5 Qc8 12.a3 c5 13.Na4 Bd8 14.dxc5 Nxc5 15.cxd5 Nxd5
16.Nxc5 bxc5 17.Nc4 Nxf4 18.Nd6 Qc7 19.Bxb7 Rb8 20.Rad1 Be7 21.gxf4 Bxd6
22.Bg2 Bxf4 23.h3 Qb6 24.e3 Be5 25.b3 Qxb3 26.Qxc5 Rb5 27.Qc6 Rfb8 28.Be4 g6
29.Rd3 Qa2 30.Rfd1 Bf6 31.Qd6 Rd8 32.Qf4 Rxd3 33.Bxd3 Rg5+ 34.Kf1 Kg7 35.a4 Qb3
36.Ke2 Rd5 37.Qc4 Qb6 38.Be4 Rc5 39.Qa2 Qc7 40.Rd2 h5 41.Bf3 Be5 42.Be4 Bf6
43.Qb3 Rc3 44.Rc2 Rxc2+ 45.Bxc2 Qh2 46.e4 Be5 47.Qf3 Qg1 48.Bd3 Bd4 49.Bb5 Qc1
50.Qg3 Qc2+ 51.Kf3 Kh6 52.Qg1 g5 53.Qe1 Kg6 54.Kg2  1/2-1/2

[Event "KS Sommerskak op"]
[Site "Copenhagen"]
[Date "1997.??.??"]
[Round "?"]
[White "Jorgensen, Michael"]
[Black "Hellsten, Johan"]
[Result "0-1"]
[WhiteElo "2275"]
[BlackElo "2485"]

1.d4 Nf6 2.c4 e6 3.Nf3 Bb4+ 4.Bd2 a5 5.g3 d6 6.Bg2 Nbd7 7.O-O e5 8.Bg5 exd4
9.Nxd4 h6 10.Bc1 O-O 11.Nc2 Bc5 12.Nc3 Re8 13.b3 Nf8 14.Bb2 Ne6 15.h4 Ba7
16.e3 Nc5 17.Nd4 Ng4 18.Qd2 Bd7 19.Rad1 Ne5 20.Qc2 Qc8 21.Nd5 c6 22.Nf4 Bg4
23.f3 Bd7 24.Kh2 Bb8 25.e4 g6 26.Qc3 h5 27.Rd2 Qd8 28.Rfd1 Bc7 29.Nc2 Qf6
30.Ne3 Qg7 31.Rxd6 Bxd6 32.Rxd6 a4 33.b4 a3 34.Ba1 Na4 35.Qd4 Nb2 36.Rxd7 Nxd7
37.Qxd7 Rad8 38.Qxb7 Qc3 39.Qxc6 Qxe3 40.Nd5 Qd4 41.Qa4 Ra8 42.Qb3 Qxc4 43.Qxc4 Nxc4
44.Bd4 Rad8 45.b5 Rxd5 46.exd5 Re2 47.b6 Rb2 48.Bc5 Rxa2 49.d6 Nxb6 50.Bxb6 Rd2
51.Ba5 Rxd6 52.Bb4 Rd3 53.Bf1 Rb3 54.Be7 Rb2+  0-1

[Event "KS Sommerskak op"]
[Site "Copenhagen"]
[Date "1997.??.??"]
[Round "?"]
[White "Jorgensen, Michael"]
[Black "Adamski, Jan"]
[Result "1-0"]
[WhiteElo "2275"]
[BlackElo "2405"]

1.d4 Nf6 2.c4 e6 3.Nf3 Bb4+ 4.Bd2 Qe7 5.g3 Nc6 6.Nc3 O-O 7.Bg2 Bxc3 8.Bxc3 Ne4
9.Rc1 d6 10.d5 Nxc3 11.Rxc3 Nb8 12.dxe6 fxe6 13.O-O Na6 14.a3 c6 15.b4 e5
16.Qd2 Bf5 17.Qe3 Nc7 18.Rd1 a6 19.Nd4 Rad8 20.Bxc6 bxc6 21.Nxc6 Qf7 22.Nxd8 Rxd8
23.Qb6 Ne6 24.Rxd6 Rf8 25.Qe3 Bh3 26.f3 Qf5 27.Rc1 Nd4 28.Rd5 Nc6 29.b5 axb5
30.cxb5 Qf7 31.Rdc5 Nd4 32.Rxe5 Qd7 33.a4 Kh8 34.Re4 Nc2 35.Qc5 Rc8 36.Qe7  1-0

[Event "CZE-chT2 9697"]
[Site "CZE"]
[Date "1997.??.??"]
[Round "?"]
[White "Tochacek, Michal"]
[Black "Bechyne, Jaroslav"]
[Result "1/2-1/2"]
[WhiteElo "2220"]
[BlackElo "2175"]

1.d4 Nf6 2.c4 e6 3.Nf3 Bb4+ 4.Bd2 a5 5.Nc3 b6 6.e3 Bb7 7.Bd3 Bxc3 8.Bxc3 Ne4
9.Rc1 O-O 10.O-O f5 11.Ne1 Qg5 12.Qe2 d6 13.f3 Nxc3 14.Rxc3 Nd7 15.f4 Qg6
16.Nf3 Rae8 17.Qc2 Kh8 18.a3 c5 19.Qf2  1/2-1/2

[Event "CZE-chT2 9697"]
[Site "CZE"]
[Date "1997.??.??"]
[Round "?"]
[White "Svoboda, Milos"]
[Black "Ptacnikova, Lenka"]
[Result "1-0"]
[WhiteElo "2275"]
[BlackElo "2270"]

1.d4 Nf6 2.c4 e6 3.Nf3 Bb4+ 4.Bd2 Qe7 5.a3 Bxd2+ 6.Nfxd2 Nc6 7.e3 a5 8.Nc3 d6
9.Bd3 e5 10.Nd5 Qd8 11.Nxf6+ Qxf6 12.d5 Nb8 13.O-O O-O 14.f4 Qh6 15.Qc2 Na6
16.Rf3 Nc5 17.f5 Bd7 18.Raf1 Qf6 19.b4 axb4 20.axb4 Nxd3 21.Qxd3 e4 22.Nxe4 Qe5
23.Nf2 Rfe8 24.Ng4 Qe4 25.Qc3 Bxf5 26.Rxf5 Qxg4 27.Rxf7 Rf8 28.h3 Qg6 29.Rxf8+ Rxf8
30.Rxf8+ Kxf8 31.c5 Ke7 32.Qd4 Qg3 33.Qe4+ Kd8 34.Qe6 Qe1+ 35.Kh2 Qxb4 36.c6 bxc6
37.dxc6  1-0

[Event "CZE-chT2 9697"]
[Site "CZE"]
[Date "1997.??.??"]
[Round "?"]
[White "Stehlik, Jiri"]
[Black "Bechyne, Jaroslav"]
[Result "1/2-1/2"]
[WhiteElo "2130"]
[BlackElo "2175"]

1.d4 Nf6 2.c4 e6 3.Nf3 Bb4+ 4.Bd2 a5 5.g3 O-O 6.Bg2 d6 7.O-O Bxd2 8.Qxd2 Nbd7
9.Nc3 e5 10.Rad1 Re8 11.Qc2 exd4 12.Nxd4 Nc5 13.b3 Bd7 14.a3 Qe7 15.b4 axb4
16.axb4 Nce4 17.Nxe4 Nxe4 18.Rb1 Qe5 19.e3 f5 20.Rfc1 Ra7 21.c5 Rea8 22.Qc4+ d5
23.f4 dxc4 24.fxe5 Re8 25.Bxe4 fxe4 26.e6 Bxe6 27.Nb5 Ra2 28.Nxc7 Re7 29.Nxe6 Rxe6
30.Rxc4 Rh6 31.Rxe4 Rhxh2 32.g4 Rag2+ 33.Kf1 Rc2 34.Kg1  1/2-1/2

[Event "CZE-chT2 9697"]
[Site "CZE"]
[Date "1997.??.??"]
[Round "?"]
[White "Vacek, Martin"]
[Black "Chloupek, Stanislav"]
[Result "0-1"]
[WhiteElo "2235"]
[BlackElo "2335"]

1.d4 Nf6 2.c4 e6 3.Nf3 Bb4+ 4.Bd2 Qe7 5.g3 Nc6 6.Bg2 Bxd2+ 7.Nbxd2 d6 8.O-O O-O
9.e4 e5 10.d5 Nb8 11.b4 a5 12.a3 Bg4 13.Qc2 Na6 14.Rab1 Bxf3 15.Bxf3 c6 16.dxc6 bxc6
17.b5 Nc5 18.Bg2 Ne6 19.Qd3 Nd7 20.Bh3 Ndc5 21.Qe3 Nd4 22.bxc6 Nxc6 23.f4 Rab8
24.Rfe1 Nd4 25.Qc3 Rxb1 26.Nxb1 Rb8 27.Nd2 Qa7 28.Kh1 h6 29.Bg2 Qb6 30.Rf1 Nc6
31.Qf3 Qb2 32.Rf2 Qc1+ 33.Nf1 Nd4 34.Qg4 Nd3 35.Ra2 Qxc4 36.Rd2 Rb1 37.h4 Rxf1+
38.Bxf1 Qc1  0-1

[Event "CZE-chT2 9697"]
[Site "CZE"]
[Date "1997.??.??"]
[Round "?"]
[White "Plesek, Jiri"]
[Black "Schula, Michal"]
[Result "1/2-1/2"]
[WhiteElo "2195"]
[BlackElo "2260"]

1.d4 Nf6 2.Nf3 e6 3.c4 Bb4+ 4.Bd2 Qe7 5.e3 Bxd2+ 6.Qxd2 d6 7.Nc3 O-O 8.Be2 e5
9.O-O e4 10.Ne1 c6 11.f3 exf3 12.Bxf3 Be6 13.d5 cxd5 14.cxd5 Bf5 15.Nb5 Nbd7
16.Rc1 Nc5 17.b4 Nce4 18.Qd4 a6 19.Bxe4 Bxe4 20.Nc3 Rfe8 21.Nf3 Bxf3 22.Rxf3 Rac8
23.Rcf1 Qe5 24.Qxe5 Rxe5 25.e4 b5 26.a4 bxa4 27.Ra1 Nxe4 28.Nxe4 Rxe4 29.Rxa4 a5
30.Rxa5 Rxb4 31.Ra7 Rb1+ 32.Kf2 Rb2+ 33.Kg3 f6 34.Re3 h6 35.Kh3 Rcc2 36.Rg3 g5
37.Re3 Rc8 38.Ree7 h5 39.Rg7+  1/2-1/2

[Event "CZE-chT2 9697"]
[Site "CZE"]
[Date "1997.??.??"]
[Round "?"]
[White "Jirovsky, Petr"]
[Black "Bores, Roman"]
[Result "0-1"]
[WhiteElo "2300"]
[BlackElo "2270"]

1.d4 Nf6 2.Nf3 e6 3.c4 Bb4+ 4.Bd2 Qe7 5.g3 O-O 6.Bg2 Bxd2+ 7.Qxd2 Ne4 8.Qc2 Qb4+
9.Nbd2 Nxd2 10.Nxd2 Nc6 11.e3 Qe7 12.O-O d6 13.Qc3 a5 14.f4 e5 15.fxe5 dxe5
16.d5 Nb8 17.c5 f5 18.e4 Na6 19.Rac1 b6 20.cxb6 cxb6 21.exf5 Qc5+ 22.Qxc5 Nxc5
23.Nc4 Bxf5 24.Nxb6 Nd3 25.Nxa8 Nxc1 26.Rxc1 Rxa8 27.b3 a4 28.b4 a3 29.Bf1 Kf8
30.b5 Ke7 31.Rc7+ Kd6 32.b6 Rb8 33.Ra7 Rxb6 34.Rxa3 Kxd5 35.Rb3 Rc6 36.Bg2+ e4
37.Rb2 Kd4 38.h3 Rc1+ 39.Kh2 e3  0-1

[Event "CZE-chT2 9697"]
[Site "CZE"]
[Date "1997.??.??"]
[Round "?"]
[White "Jedlicka, Ales"]
[Black "Chloupek, Stanislav"]
[Result "1-0"]
[WhiteElo "2160"]
[BlackElo "2335"]

1.d4 Nf6 2.c4 e6 3.Nf3 Bb4+ 4.Bd2 Qe7 5.g3 Nc6 6.Bg2 Bxd2+ 7.Nbxd2 d6 8.O-O O-O
9.e4 e5 10.d5 Nb8 11.Ne1 a5 12.Nd3 Na6 13.Qc2 c6 14.Rae1 Nb4 15.Qb1 Nxd3
16.Qxd3 cxd5 17.exd5 Qc7 18.b3 Nd7 19.a3 Qc5 20.Ra1 f5 21.b4 Qa7 22.Qe3 b6
23.Rab1 axb4 24.axb4 Qc7 25.Ra1 Bb7 26.Qc3 Nf6 27.Rxa8 Rxa8 28.Ra1 Qd8 29.h3 e4
30.Nb3 Rxa1+ 31.Qxa1 b5 32.Na5 Qa8 33.cxb5 Bxd5 34.b6 Qb8 35.Qd4 h5 36.Bf1 Kh7
37.b7 h4 38.gxh4 f4 39.Qb6 e3 40.fxe3 Qe8 41.Bd3+ Be4 42.Qb5 Qe6 43.exf4 d5
44.Bf1 Nh5 45.Qc6 Qe7 46.b8=Q Qxh4 47.Qc3 Nxf4 48.Qbe5 Qh6 49.Qg3 Nh5 50.Qgg5 Qb6+
51.Kh2 Qf2+ 52.Bg2 Nf6 53.Qeg3  1-0

[Event "CZE-chT2 9697"]
[Site "CZE"]
[Date "1997.??.??"]
[Round "?"]
[White "Jedlicka, Ales"]
[Black "Bores, Roman"]
[Result "1/2-1/2"]
[WhiteElo "2160"]
[BlackElo "2270"]

1.d4 Nf6 2.c4 e6 3.Nf3 Bb4+ 4.Bd2 Qe7 5.g3 Bxd2+ 6.Qxd2 O-O 7.Nc3 d6 8.Bg2 Nc6
9.O-O e5 10.d5 Nb8 11.e4 Bg4 12.Ne1 Qd7 13.Nd3 Bh3 14.f4 exf4 15.gxf4 Qg4
16.e5 dxe5 17.fxe5 Nh5 18.Nf4 Nxf4 19.Rxf4 Qxg2+ 20.Qxg2 Bxg2 21.Kxg2 Nd7
22.Re1 Rae8 23.Rfe4 f5 24.R4e2 Nc5 25.Rd2 Ne4 26.Nxe4 Rxe5 27.Rde2 fxe4 28.Rxe4 Rg5+
29.Kh1 Rf2 30.Re8+ Kf7 31.R8e7+ Kf8 32.Rxc7 Rgg2 33.Rc8+ Kf7 34.Rc7+ Kf8
35.Rc8+  1/2-1/2

[Event "CZE-chT1c 9697"]
[Site "CZE"]
[Date "1997.??.??"]
[Round "?"]
[White "Stluka, Frantisek"]
[Black "Vanka, Miloslav"]
[Result "0-1"]
[WhiteElo "2155"]
[BlackElo "2260"]

1.d4 Nf6 2.c4 e6 3.Nf3 Bb4+ 4.Bd2 Qe7 5.a3 Bxd2+ 6.Qxd2 O-O 7.Nc3 d6 8.e4 e5
9.d5 a5 10.b3 Na6 11.Bd3 Bd7 12.O-O Nh5 13.g3 g6 14.Nh4 Nc5 15.Bc2 Bh3 16.Ng2 f5
17.f3 f4 18.g4 Nf6 19.Nd1 h5 20.gxh5 Nxh5 21.Nf2 Bxg2 22.Kxg2 Kf7 23.Ng4 Rh8
24.Kg1 Nf6 25.Nxf6 Qxf6 26.b4 axb4 27.axb4 Nd7 28.Rxa8 Rxa8 29.Bb3 Qg5+ 30.Kh1 Qh5
31.Qc1 b6 32.Rf2 g5 33.Bd1 Qh4 34.Kg1 Ke7 35.Qc3 Ra7 36.Rg2 Ra1 37.Qd2 Ra2
38.Qc3 Ra3 39.Qd2 Ra2 40.Qc3 Ra3 41.Qd2 Nf6 42.Qf2 Ra1 43.Qf1 g4 44.fxg4 Nxe4
45.h3 Nc3 46.Rd2 Qg3+ 47.Kh1 f3  0-1